000 00309nam a2200121Ia 4500
008 190216s9999||||xx |||||||||||||| ||und||
100 _aAnthony Thwaite
245 0 _aContemporary English Poetry
260 _bHeinemann Educational Books Ltd
_c1964
300 _a175p
650 _aEnglish Poetry
942 _cBK
999 _c12105
_d12105